Detalles MARC
| 000 -Cabecera |
| Campo de control de longitud fija |
01517aam a2200565 4500 |
| 005 - Fecha y hora de la última transacción |
| Campo de control |
20260514121141.0 |
| 008 - Elementos de longitud fija--Información general |
| Campo de control de longitud fija |
150408b xxu||||| |||| 00| 0 spa d |
| 020 ## - International Standard Book Number |
| Número Internacional Estándar del Libro (ISBN) |
97884902106810 |
| 041 ## - Idioma |
| Código de idioma |
Español |
| 082 ## - Clasificación Decimal Dewey |
| Número de clasificación |
651.3 T255tec |
| 110 ## - Entrada principal--Autor corporativo |
| Nombre de entidad corporativa |
Interconculting Bureau S.L. |
| 245 ## - Título propiamente dicho |
| Título |
Técnicas avanzadas de secretariado |
| 260 ## - Pie de imprenta |
| Lugar de publicación, distribución, etc. |
España |
| 260 ## - Pie de imprenta |
| Nombre del editor, distribuidor, etc. |
ICB |
| 260 ## - Pie de imprenta |
| Fecha de publicación, distribución, etc. |
2016 |
| 300 ## - Descripción física |
| Extensión |
163 páginas |
| 490 ## - Serie |
| Título de la Serie |
Secretariado Ejecutivo |
| 650 ## - Materia general |
| Temática (materia general) |
MANTENIMIENTO DE LA OFICINA |
| 650 ## - Materia general |
| Temática (materia general) |
SECRETARIADO EJECUTIVO |
| 650 ## - Materia general |
| Temática (materia general) |
FUNCIONES DE LA SECRETARIA |
| 650 ## - Materia general |
| Temática (materia general) |
ORGANIZACIÓN EMPRESARIAL |
| 650 ## - Materia general |
| Temática (materia general) |
PLANIFICACIÓN |
| 650 ## - Materia general |
| Temática (materia general) |
TIPOLOGÍA DE EMPRESAS |
| 650 ## - Materia general |
| Temática (materia general) |
ESTRUCTURA DE LA EMPRESA |
| 650 ## - Materia general |
| Temática (materia general) |
ORGANIGRAMAS |
| 650 ## - Materia general |
| Temática (materia general) |
SOCIEDAD CIVIL |
| 650 ## - Materia general |
| Temática (materia general) |
SOCIEDAD ANÓNIMA |
| 650 ## - Materia general |
| Temática (materia general) |
SOCIEDAD COOPERATIVA |
| 650 ## - Materia general |
| Temática (materia general) |
SOCIEDAD LABORAL |
| 650 ## - Materia general |
| Temática (materia general) |
RESPONSABILIDAD LIMITADA |
| 650 ## - Materia general |
| Temática (materia general) |
COMUNICACIÓN |
| 650 ## - Materia general |
| Temática (materia general) |
COMUNICACIÓN EXTERNA |
| 650 ## - Materia general |
| Temática (materia general) |
COMUNICACIÓN INTERNA |
| 650 ## - Materia general |
| Temática (materia general) |
GESTIÓN DE CRISIS |
| 650 ## - Materia general |
| Temática (materia general) |
COMUNICACIÓN INFORMAL |
| 650 ## - Materia general |
| Temática (materia general) |
ATENCIÓN TELEFÓNICA |
| 650 ## - Materia general |
| Temática (materia general) |
DOCUMENTACIÓN |
| 650 ## - Materia general |
| Temática (materia general) |
CORRESPONDENCIA |
| 650 ## - Materia general |
| Temática (materia general) |
ORGANIZACIÓN DEL TRABAJO |
| 650 ## - Materia general |
| Temática (materia general) |
TELÉFONOS |
| 650 ## - Materia general |
| Temática (materia general) |
ACTA |
| 650 ## - Materia general |
| Temática (materia general) |
CIRCULAR |
| 650 ## - Materia general |
| Temática (materia general) |
MEMORANDO |
| 650 ## - Materia general |
| Temática (materia general) |
INFORME |
| 650 ## - Materia general |
| Temática (materia general) |
CARTA |
| 650 ## - Materia general |
| Temática (materia general) |
CERTIFICADO |
| 650 ## - Materia general |
| Temática (materia general) |
REUNIONES |
| 650 ## - Materia general |
| Temática (materia general) |
PRESENTACIONES GRÁFICAS |
| 942 ## - Punto de acceso adicional KOHA |
| Tipo de ítem KOHA |
Libro |
| Fuente del sistema de clasificación o colocación |
Dewey Decimal Classification |